000 00841na a2200265 4500
001 23822
003 MIRAKIL
005 20181213155318.0
008 171228b tu 000 0
020 _a9757400025
040 _aMilas
_btur
_cTR-AnCHP
041 _atur
082 _a330.9561
_bI74k 1995
090 _a330.9561 I74k 1995
100 _aIşıklı, Alpaslan
245 _aKüreselleşme ve demokratikleşme
_cAlpaslan Işıklı
260 _aAnkara
_bMülkiyeliler Birliği Yayınları
_c1995
_fZirve Ofset
300 _a328 s.
_c19 sm.
440 _aMülkiyeliler Birliği Vakfı Yayınları
_v14
500 _aYapıt yazarından imzalıdır.
650 _aDemokratikleşme
_xTürkiye
650 _aKüreselleşme
_xSiyasal açıdan
_zTürkiye
650 _aKüreselleşme
_xEkonomik açı
_zTürkiye
942 _2ddc
_cBKS
999 _c10379
_d10379